Sports Quiz

Random Sports or Numbers Quiz

NFL 150+ Receiving Yard Games (2000s) Quiz Stats

Quiz Updated Oct 14, 2016

Challenge
Share
Tweet
Embed
Score 0/93 Timer 12:00
5 Plays Today
Number Player % Correct
6Chad Ochocinco
96.7%
7Andre Johnson
96.1%
16Terrell Owens
96%
2Calvin Johnson
95.9%
9Randy Moss
95.8%
1Keyshawn Johnson
95.7%
1Kevin Johnson
95.5%
1Eric Johnson
95.5%
6Santana Moss
95.4%
9Steve Smith
95.2%
5Rod Smith
94.8%
1Jimmy Smith
94.7%
6Larry Fitzgerald
93.2%
9Marvin Harrison
93.2%
12Torry Holt
89.1%
4Reggie Wayne
88.1%
4Hines Ward
83.6%
6Anquan Boldin
82.9%
5Donald Driver
82.4%
6Isaac Bruce
80.7%
4Plaxico Burress
79.5%
1DeSean Jackson
76.6%
1Darrell Jackson
76.4%
2Willie Jackson
76.4%
4Marques Colston
75.8%
1Greg Jennings
67.8%
3Brandon Marshall
64.4%
1Jerry Rice
63.2%
2Sidney Rice
62.9%
3Wes Welker
62.5%
2Roddy White
61.3%
Number Player % Correct
5Joe Horn
61.1%
2Roy E. Williams
60.6%
1Antonio Gates
55.1%
2Miles Austin
52.1%
1Dwayne Bowe
46.9%
1Tim Brown
46.5%
1Troy Brown
46.5%
2Lee Evans
45.6%
3Laveranues Coles
45.3%
1Dallas Clark
42.6%
2Muhsin Muhammad
42.1%
2Derrick Mason
41.1%
1Braylon Edwards
40.8%
1Jason Witten
38.7%
2Amani Toomer
36.5%
2Antonio Bryant
34.7%
2Chris Chambers
34%
1Cris Carter
33.8%
3Joey Galloway
31.6%
3Javon Walker
31.3%
2T.J. Houshmandzadeh
30.4%
2Eric Moulds
29.9%
2Devery Henderson
29.9%
3Peerless Price
26.7%
2David Boston
26.2%
3Terry Glenn
25.1%
3Marty Booker
24.5%
1Shannon Sharpe
24.1%
2Jerricho Cotchery
23.3%
1Keenan McCardell
22.5%
1Brian Westbrook
21.3%
Number Player % Correct
1Brandon Stokley
19.7%
1Mario Manningham
19.4%
1Mark Clayton
19%
3Koren Robinson
18.3%
1Marcus Robinson
18.3%
2Drew Bennett
17.8%
1Antwaan Randle El
15.2%
1Kevin Walter
14.9%
1Jason Avant
14.1%
1Kevin Curtis
13.8%
1Eddie Royal
13.5%
1Eddie Kennison
12.2%
1Derrick Alexander
12.1%
1Ted Ginn Jr.
10.5%
1Patrick Crayton
9.6%
1Jabar Gaffney
9.2%
1Donnie Avery
8.1%
1James Thrash
7.6%
2Curtis Conway
5.9%
1Hank Baskett
5.8%
2Rod Gardner
5.8%
1Johnnie Morton
5.6%
1Quincy Morgan
4.3%
1Dennis Northcutt
3.1%
1Devin Aromashodu
2.6%
1Bill Schroeder
2.5%
1Darnay Scott
1.9%
1Jerome Pathon
1.4%
1Albert Connell
1.3%
1James McKnight
0.9%
1Quentin McCord
0.7%

You're not logged in!

Compare scores with friends on all Sporcle quizzes.
Join for Free
OR
Log In

Show Comments

Extras

Top Quizzes Today


Score Distribution

Your Account Isn't Verified!

In order to create a playlist on Sporcle, you need to verify the email address you used during registration. Go to your Sporcle Settings to finish the process.

Report this User

Report this user for behavior that violates our Community Guidelines.

Details: